Multilingual dictionary of geodesy (Record no. 92823)
[ view plain ]
| 000 -LEADER | |
|---|---|
| fixed length control field | 00516cam a2200205 4500 |
| 001 - CONTROL NUMBER | |
| control field | B2606 |
| 008 - FIXED-LENGTH DATA ELEMENTS--GENERAL INFORMATION | |
| fixed length control field | 090401t1989 xxu||||| |||| 00| 0 eng d |
| 035 ## - SYSTEM CONTROL NUMBER | |
| System control number | (Sirsi) u51129 |
| 041 ## - LANGUAGE CODE | |
| Language code of text/sound track or separate title | eng |
| 050 ## - LIBRARY OF CONGRESS CALL NUMBER | |
| Classification number | 526.03 |
| 245 ## - TITLE STATEMENT | |
| Title | Multilingual dictionary of geodesy |
| 260 ## - PUBLICATION, DISTRIBUTION, ETC. | |
| Place of publication, distribution, etc. | Budapest |
| Name of publisher, distributor, etc. | OMIKK Technoinform |
| Date of publication, distribution, etc. | 1989 |
| 300 ## - PHYSICAL DESCRIPTION | |
| Extent | 5v. ; 24cm. |
| 350 ## - PRICE (NR) (BK AM CF MU VM SE) [OBSOLETE] | |
| Price | 19.95 |
| 650 ## - SUBJECT ADDED ENTRY--TOPICAL TERM | |
| Topical term or geographic name entry element | DICTIONARIES |
| 650 ## - SUBJECT ADDED ENTRY--TOPICAL TERM | |
| Topical term or geographic name entry element | HUNGARIAN GEODETIC AND MAPPING CO |
| 700 ## - ADDED ENTRY--PERSONAL NAME | |
| Personal name | Csatkai, Denes. |
| International Standard Serial Number | Editor |
| 942 ## - ADDED ENTRY ELEMENTS (KOHA) | |
| Suppress in OPAC | 0 |
| 948 ## - LOCAL PROCESSING INFORMATION (OCLC); SERIES PART DESIGNATOR (RLIN) | |
| c (OCLC) | 04/03/1997 |
| Withdrawn status | Lost status | Source of classification or shelving scheme | Damaged status | Not for loan | Home library | Current library | Shelving location | Date acquired | Cost, normal purchase price | Total Checkouts | Full call number | Barcode | Date last seen | Date last checked out | Copy number | Cost, replacement price | Price effective from | Koha item type |
|---|---|---|---|---|---|---|---|---|---|---|---|---|---|---|---|---|---|---|
| Dewey Decimal Classification | London | London | Books | 09/08/1991 | 19.95 | 2 | 526.03 | 30014632 | 06/08/2019 | 31/01/2007 | 1 | 19.95 | 06/08/2019 | Book | ||||
| Dewey Decimal Classification | London | London | Books | 09/08/1991 | 19.95 | 2 | 526.03 | 30014633 | 06/08/2019 | 31/01/2007 | 2 | 19.95 | 06/08/2019 | Book | ||||
| Dewey Decimal Classification | London | London | Books | 09/08/1991 | 19.95 | 526.03 | 30014634 | 06/08/2019 | 3 | 19.95 | 06/08/2019 | Reference material | ||||||
| Dewey Decimal Classification | London | London | Books | 09/08/1991 | 19.95 | 526.03 | 30014635 | 06/08/2019 | 4 | 19.95 | 06/08/2019 | Reference material | ||||||
| Dewey Decimal Classification | London | London | Books | 09/08/1991 | 19.95 | 526.03 | 30014636 | 06/08/2019 | 5 | 19.95 | 06/08/2019 | Reference material |